• 首页
  • 本馆介绍
  • 公告通知
  • 最新文献
  • 馆藏检索
  • 电子资源
  • 读者导购
  • 参考咨询
  • 我的图书馆
  • 登录
  • 详细信息显示
  • 放入我的书架
  • 预约/预借图书
  • 作者相关作品
  • 分类相关作品
  • 丛书相关作品
  • 出版社相关作品

书目信息

  • 表格格式
  • 工作单格式
  • 卡片格式
题名:
承德导游
    
 
作者: 白鹤龄 , 梁义 编写
分册:  
出版信息: 北京   中国民间文艺出版社  1987
页数: 100页
开本: 19cm
丛书名:
单 册:
中图分类: K928.922
科图分类:
主题词: 导游--承德市
电子资源:
ISBN:
000 00677nam0 2200241 45
001 0197001449
005 20070923093710.51
010    @dCNY0.85
100    @a19970107d1987 y0chiy0120 ea
101 0  @achi
102    @aCN@b110000
102    @aCN@b110000
105    @ab z 000yy
200 10 @a承德导游@Acheng de dao you@f白鹤龄,梁义编写@Fbai he ling,liang yi bian xie
210    @a北京@c中国民间文艺出版社@d1987
215    @a100页@c地图@d19cm
300    @a封面、版权页著者题:鞠植有
606    @a导游@y承德市
690    @aK928.922@v3
701  0 @a白鹤龄@Abai he ling@4编写
701  0 @a梁义@Aliang yi@4编写
801  0 @aCN@bTSSF@c20070923
905    @a10447@dK928.922@e514
    
    承德导游/白鹤龄,梁义编写.-北京:中国民间文艺出版社,1987
    100页:地图;19cm
    封面、版权页著者题:鞠植有
    
    ISBN :CNY0.85
    
●
相关链接 在E读中查询图书 在五车中查询图书 在当当中查询图书 在豆瓣中查询图书


正题名:承德导游     索取号:K928.922/514         预约/预借

序号 登录号 条形码 馆藏地/架位号 状态 备注
1 626084   206260847   第二样本阅览室/ [索取号:K928.922/514] 在馆    
唐山师范学院图书馆 欢迎您!
大连网信软件有限公司© 版权所有